000 00573nam a2200217Ia 4500
003 OSt
005 20220927105112.0
006 a|||||r|||| 00| 0
007 ta
008 220926b |||||||| |||| 00| 0 eng d
024 _a143653
037 _cReference Collections
040 _aRTL
_cRTL
_beng
041 _2eng
_aeng
082 _a"YxM64, M0"
100 _aMerquior JG
_9370158
245 0 _aRousseau and Weber
_b Two studies in the theory of l
260 _c1980
942 _h"YxM64, M0"
_cCC
999 _c690657
_d690657